(Journal) Cochin Window (Record no. 1354)
[ view plain ]
| 000 -LEADER | |
|---|---|
| fixed length control field | 00350nam a22001337a 4500 |
| 005 - DATE AND TIME OF LATEST TRANSACTION | |
| control field | 20170221115505.0 |
| 008 - FIXED-LENGTH DATA ELEMENTS--GENERAL INFORMATION | |
| fixed length control field | 090708t xxu||||| |||| 00| 0 eng d |
| 080 ## - UNIVERSAL DECIMAL CLASSIFICATION NUMBER | |
| Universal Decimal Classification number | 082(548.3)(05) |
| Item number | COC. |
| 245 ## - TITLE STATEMENT | |
| Title | (Journal) Cochin Window |
| 260 ## - PUBLICATION, DISTRIBUTION, ETC. (IMPRINT) | |
| Place of publication, distribution, etc | Cochin |
| Name of publisher, distributor, etc | Press Club Road |
| Date of publication, distribution, etc | 1968 |
| 490 ## - SERIES STATEMENT | |
| Volume number/sequential designation | v.1, no.1 |
| 500 ## - GENERAL NOTE | |
| General note | Lib has v.2 (1969)-v.6 (1973) |
| 942 ## - ADDED ENTRY ELEMENTS (KOHA) | |
| item type | Bound Volumes |
| Lost status | Source of classification or shelving scheme | Not for loan | Home library | Current library | Date acquired | Total Checkouts | Full call number | Barcode | Date last seen | Price effective from | Koha item type |
|---|---|---|---|---|---|---|---|---|---|---|---|
| Universal Decimal Classification | University Library | University Library | 08/07/2009 | 089(548.3)(05) COC.2-3 | 00020932 | 08/07/2009 | 08/07/2009 | Bound Volumes | |||
| Universal Decimal Classification | University Library | University Library | 03/11/2009 | 089(548.3)(05) COC.4-6 | 00020933 | 03/11/2009 | 03/11/2009 | Bound Volumes |
